000 00419nam a2200181Ia 4500
001 1502
005 20260306143733.0
008 260306t2015||||xx |||||||||||||| ||spa||
041 _aESP
082 _a150.287
_bR81
100 _aRomero Martínez, Sonia Janeth
_eAUT
245 0 _aPsicometría
260 _c2015
300 _a367 páginas :
_c24 cm.
650 _aGEN
654 _aCPS
942 _cLIB
_dJUS
_fJUS
_2ddc
_n
999 _c1502
_d1502